Central Library OPAC University of Rajshahi

Working the Land : (Record no. 12017)

MARC details
000 -LEADER
fixed length control field 00814nam a22002297a 4500
001 - CONTROL NUMBER
control field 12017
003 - CONTROL NUMBER IDENTIFIER
rucl marc code BD-RjUL
005 - DATE AND TIME OF LATEST TRANSACTION
control field 20211208235224.0
008 - FIXED-LENGTH DATA ELEMENTS--GENERAL INFORMATION
fixed length control field 140127s1984 bg be||| |||| 000 0 eng d
035 ## - SYSTEM CONTROL NUMBER
System control number (BD-RjUL)12066
040 ## - CATALOGING SOURCE
Original cataloging agency BD-RjUL
Language of cataloging eng
Transcribing agency BD-RjUL
041 ## - LANGUAGE CODE
Language code of text/sound track or separate title eng
082 04 - DEWEY DECIMAL CLASSIFICATION NUMBER
Edition number 23
Classification number 338.1095492
Author mark and year WAW 1984
100 1# - MAIN ENTRY--PERSONAL NAME
Personal name Wallace, Ben J.
9 (RLIN) 37232
245 10 - TITLE STATEMENT
Title Working the Land :
Remainder of title A Case Study in Applied Anthropology and Farming Systems Research in Bangladesh /
Statement of responsibility, etc. Ben J. Wallace
260 ## - PUBLICATION, DISTRIBUTION, ETC. (IMPRINT)
Place of publication, distribution, etc. Dhaka :
Name of publisher, distributor, etc. Bangladesh Agriculture Research Council .
Date of publication, distribution, etc. 1984
300 ## - PHYSICAL DESCRIPTION
Pagination xi, 179 p :
Illustrations ill. ;
Size 26cm.
650 ## - SUBJECT ADDED ENTRY--TOPICAL TERM
Topical term or geographic name as entry element Agriculture
Form subdivision Economic aspects
Geographic subdivision Bangladesh
General subdivision Case studies.
9 (RLIN) 193275
Topical term or geographic name as entry element Agriculture
Form subdivision Research
Geographic subdivision Bangladesh.
9 (RLIN) 193276
Topical term or geographic name as entry element Applied anthropology.
9 (RLIN) 193204
942 ## - ADDED ENTRY ELEMENTS (KOHA)
Source of classification or shelving scheme Dewey Decimal Classification
Koha item type Books
Holdings
Lost status Source of classification or shelving scheme Damaged status Not for loan Collection code Permanent Location Current Location Shelving location Date acquired Source of acquisition Cost, normal purchase price Total Checkouts Full call number Date last seen Copy number Koha item type
  Dewey Decimal Classification   Not For Loan Non-fiction Central Library, University of Rajshahi Central Library, University of Rajshahi Reading Room 06/08/1986 Dhaka, BARC 0.00   338.1095492 WAW 1984 27/01/2014 C-1 Books
  Dewey Decimal Classification   Not For Loan Non-fiction Central Library, University of Rajshahi Central Library, University of Rajshahi   06/08/1986 Dhaka, BARC 0.00   338.1095492 WAW 1984 02/03/2017 C-2 Books
  Dewey Decimal Classification     Non-fiction Central Library, University of Rajshahi Central Library, University of Rajshahi   06/08/1986 United Nations Centre , Dhaka     338.1095492 WAW 1984 12/03/2019 C-3 Books